Титан и его сплавы: пер. с нем.

Библиографические подробности
Главный автор: Цвиккер У. Ульрих
Примечания:Доп. тит. лист
Систематизированы научные достижения в области металловедения, металлофизики и технологии титана и его сплавов. Описаны основные физические, химические и механические свойства титана и сплавов на его основе. Рассмотрены фазовые превращения, механизм деформации а- и ^-модификаций титана, рекристаллизация и рост зерен, коррозия, взаимодействие титана с водородом и другими газами. Изложены методы контроля качества продукции. Представлены двойные и тройные диаграммы состояния титана с наиболее важными легирующими добавками и примесями. Предназначена для металловедов и металлофизиков, металлургов, конструкторов, инженерно-технических и научных работников, предприятий металлургической и авиационной промышленности. ! Может быть полезна преподавателям, аспирантам и студентам старших курсов металлургических и технических вузов.
Язык:русский
Опубликовано: Москва, Металлургия, 1979
Предметы:
Формат: Книга
Запись в KOHA:https://koha.lib.tpu.ru/cgi-bin/koha/opac-detail.pl?biblionumber=57394

MARC

LEADER 00000nam0a2200000 4500
001 57394
005 20231101211651.0
035 |a (RuTPU)RU\TPU\book\60539 
090 |a 57394 
100 |a 20031030d1979 k y0rusy50 ca 
101 1 |a rus  |c ger 
102 |a RU 
105 |a a z 001zy 
200 1 |a Титан и его сплавы  |e пер. с нем.  |f У. Цвиккер 
210 |a Москва  |c Металлургия  |d 1979 
215 |a 511 с.  |c ил. 
300 |a Доп. тит. лист 
320 |a Библиогр.: с. 381-504. 
320 |a Предметный указатель: с. 505-507. 
330 |a Систематизированы научные достижения в области металловедения, металлофизики и технологии титана и его сплавов. Описаны основные физические, химические и механические свойства титана и сплавов на его основе. Рассмотрены фазовые превращения, механизм деформации а- и ^-модификаций титана, рекристаллизация и рост зерен, коррозия, взаимодействие титана с водородом и другими газами. Изложены методы контроля качества продукции. Представлены двойные и тройные диаграммы состояния титана с наиболее важными легирующими добавками и примесями. Предназначена для металловедов и металлофизиков, металлургов, конструкторов, инженерно-технических и научных работников, предприятий металлургической и авиационной промышленности. ! Может быть полезна преподавателям, аспирантам и студентам старших курсов металлургических и технических вузов. 
606 1 |a Титан  |x Металловедение  |2 stltpush  |3 (RuTPU)RU\TPU\subj\60637  |9 77875 
610 1 |a титановые сплавы 
610 1 |a свойства 
610 1 |a фазовые превращения 
610 1 |a металлофизика 
610 1 |a модификация 
610 1 |a рекристаллизация 
610 1 |a коррозия 
610 1 |a газы 
610 1 |a водород 
610 1 |a взаимодействие 
610 1 |a добавки 
610 1 |a примеси 
675 |a 669.295  |v 3 
700 1 |a Цвиккер  |b У.  |g Ульрих 
801 1 |a RU  |b 63413507  |c 20031030  |g PSBO 
801 2 |a RU  |b 63413507  |c 20201105  |g PSBO 
942 |c BK